The role of condition information in the home buying and selling process (Record no. 111100)

MARC details
000 -LEADER
fixed length control field 01241cad a22002175a 4500
001 - CONTROL NUMBER
control field L151006
008 - FIXED-LENGTH DATA ELEMENTS--GENERAL INFORMATION
fixed length control field 100922s2010 xxk f 000 0 eng d
020 ## - INTERNATIONAL STANDARD BOOK NUMBER
International Standard Book Number 9781409825456
035 ## - SYSTEM CONTROL NUMBER
System control number (Sirsi) u151006
041 0# - LANGUAGE CODE
Language code of text/sound track or separate title eng
050 04 - LIBRARY OF CONGRESS CALL NUMBER
Classification number 690.24 $2 18
110 2# - MAIN ENTRY--CORPORATE NAME
Corporate name or jurisdiction name as entry element United Kingdom
Subordinate unit Department for Communities and Local Government
9 (RLIN) 4939
245 04 - TITLE STATEMENT
Title The role of condition information in the home buying and selling process
Remainder of title Findings from an online survey and qualitative research among home buyers and sellers
Medium [electronic resource]
260 ## - PUBLICATION, DISTRIBUTION, ETC.
Place of publication, distribution, etc. London
Name of publisher, distributor, etc. DCLG
Date of publication, distribution, etc. 2010
520 ## - SUMMARY, ETC.
Summary, etc. Summarises the key findings from a short research exercise conducted by Ipsos MORI and DTZ to assist in the development of the evidence base for the CLG Working Group on Condition Information in the Home Buying and Selling process: Final Report (see L150997). Results of an online survey and qualitative research among home buyers and sellers. (See also L150999 and LI51002)
590 ## - LOCAL NOTE (RLIN)
Local note KA
651 #4 - SUBJECT ADDED ENTRY--GEOGRAPHIC NAME
Geographic name ENGLAND AND WALES
690 ## - LOCAL SUBJECT ADDED ENTRY--TOPICAL TERM (OCLC, RLIN)
Topical term or geographic name as entry element BUILT ENVIRONMENT-BUILDING SURVEYING-STOCK CONDITION SURVEYING
856 40 - ELECTRONIC LOCATION AND ACCESS
Uniform Resource Identifier <a href="https://www.communities.gov.uk/documents/housing/pdf/1705034.pdf">https://www.communities.gov.uk/documents/housing/pdf/1705034.pdf</a>
Public note View this item free of charge at www.communities.gov.uk
942 ## - ADDED ENTRY ELEMENTS (KOHA)
Suppress in OPAC 0
Holdings
Withdrawn status Lost status Source of classification or shelving scheme Damaged status Not for loan Home library Current library Shelving location Date acquired Total Checkouts Full call number Barcode Date last seen Copy number Price effective from Koha item type
    Dewey Decimal Classification     Virtual Virtual Online 22/09/2010   ONLINE PUBLICATION 151006-2001 06/08/2019 1 06/08/2019 Book